On prescription (Record no. 75892)

MARC details
000 -LEADER
fixed length control field 01372cab a2200217 4500
001 - CONTROL NUMBER
control field L130930
008 - FIXED-LENGTH DATA ELEMENTS--GENERAL INFORMATION
fixed length control field 050919n2005 000 0 eng u
035 ## - SYSTEM CONTROL NUMBER
System control number (Sirsi) u130930
041 0# - LANGUAGE CODE
Language code of text/sound track or separate title eng
100 ## - MAIN ENTRY--PERSONAL NAME
Personal name Williams, Peter J. G.
245 ## - TITLE STATEMENT
Title On prescription
260 ## - PUBLICATION, DISTRIBUTION, ETC.
Date of publication, distribution, etc. 2005
490 ## - SERIES STATEMENT
Series statement Estates Gazette
Volume/sequential designation (0536) 10 September 2005, 270-272(3)
520 ## - SUMMARY, ETC.
Summary, etc. Examines the 14 prescribed clauses which will have to appear at the front of all registrable leases form June 2006 and discusses how these changes will affect all parties.to the lease. After that date any lease not containing the correct wording could according to the severity of the mistake lead to non-acceptance by the Land Registry or the Registry not being bound to note matters that have been omitted, placing the tenant and his adviser in a difficult position. Describes the background to this major change in Land Registry practice. The new provisions are set out in the Land Registration (Amendment)(No 2) Rules 2005 Part II. Outlines the leases to which these Rules apply and provides a timetable for changes.
590 ## - LOCAL NOTE (RLIN)
Local note IKA270905
690 ## - LOCAL SUBJECT ADDED ENTRY--TOPICAL TERM (OCLC, RLIN)
Topical term or geographic name as entry element PROPERTY-LEASEHOLD PROPERTY-LANDLORD AND TENANT-LEASES
700 1# - ADDED ENTRY--PERSONAL NAME
Personal name Colby, Allyson
700 1# - ADDED ENTRY--PERSONAL NAME
Personal name Fenn, Katherine
856 41 - ELECTRONIC LOCATION AND ACCESS
Uniform Resource Identifier <a href="https://www.opsi.gov.uk/si/si2005/20051982.htm">https://www.opsi.gov.uk/si/si2005/20051982.htm</a>
Public note View the Rules free of charge at www.opsi.gov.uk...
942 ## - ADDED ENTRY ELEMENTS (KOHA)
Suppress in OPAC 0
Holdings
Withdrawn status Lost status Source of classification or shelving scheme Damaged status Not for loan Home library Current library Shelving location Date acquired Total Checkouts Full call number Barcode Date last seen Copy number Price effective from Koha item type
    Dewey Decimal Classification     London London Journal article 19/09/2005   L130930 130930-1001 06/08/2019 1 06/08/2019 Journal article